Food that Starts with J - Statistics

General Stats
  • This quiz has been taken 135 times
    113 since last reset
  • The average score is 7 of 16
Answer Stats
Picture Hint Answer % Correct
Jelly
100%
Jam
97%
Jalapeno
94%
Jelly Beans
88%
Juice
79%
Jackfruit
60%
Jerky
51%
Jambalaya
23%
Jambon
16%
the cheese Jarlsberg
12%
Jalebi
11%
Jack Cheese
10%
Jicama
7%
Java Plum's other name Jambul
4%
Jerusalem Artichoke
4%
Jujube
1%
No matching quizzes found
Score Distribution
Percent of People with Each Score
Percentile by Number Answered
Your Score History
You have not taken this quiz since the last reset